| 000 | 00986nam a2200265 a 4500 | ||
|---|---|---|---|
| 001 | BRCA_468 | ||
| 005 | 20190320203025.0 | ||
| 008 | 281107s1990-------a---###---#000-0#eng-# | ||
| 020 | _a0500014825 | ||
| 041 | _aeng | ||
| 041 | _ager | ||
| 050 | 4 |
_aNK4380 _b.M46 1990 |
|
| 100 | 1 |
_aMenzhausen, Ingelore _91608 |
|
| 245 | 1 | 0 |
_aEarly Meissen Porcelain in Dresden _cIngelore Menzhausen ; photographs by Jürgen Karpinski ; translated by Charles E. Scurrell. |
| 260 |
_aLondres _bThames and Hudson _c1990 |
||
| 300 |
_a212 p. _bil. (algunas a color) _c28 cm. |
||
| 500 | _aTraducción de : Alt-Meissner Porzellan in Dresden | ||
| 504 | _aIncluye referencias bibliográficas | ||
| 610 | 2 | 4 |
_aZwinger Museum (Dresden, Alemania) _vCatálogos _xColección de porcelana _91609 |
| 650 | 1 | 4 |
_aMeissen, porcelana de _vCatálogos _zAlemania _91610 |
| 650 | 1 | 4 |
_aPorcelana europea _91611 |
| 650 | 1 | 4 |
_aPocelana _xColecciones particulares _91612 |
| 700 | 1 |
_aScurrell, Charles E _91613 |
|
| 942 |
_2lcc _cB |
||
| 999 |
_c403 _d403 |
||